000 00516nam a2200169Ia 4500
003 GCL
008 140319s9999 xx 000 0 ara d
040 _aGCL /
_cGCL
082 0 4 _a330.121
_bع ا
100 1 _aعبدالغنى عبود
245 1 0 _aالتربية الاقتصادية فى الاسلام /
_cعبدالغنى عبود
260 _a[S.N] :
_bمكتبة النهضة المصرية ،
_c1992
300 _a295 ص
490 _a
650 0 4 _aالاقتصاد الاسلامى
942 _2ddc
_cBK
999 _c52797
_d52797